Osobitosti účtovnej závierky a finančné výkazy obcí
Definovanie obce. Účtovná závierka obcí a jej náležitosti: súvaha, výkaz ziskov a strát, poznámky. Klasifikácia ďalších finančných výkazov okrem účtovnej závierky obce.
Na minha lista:
| Autor principal: | |
|---|---|
| Formato: | Capítulo de Livro |
| Idioma: | eslovaco |
| Assuntos: | |
| Tags: |
Sem tags, seja o primeiro a adicionar uma tag!
|
MARC
| LEADER | 00000naa$a2200000$$$4500 | ||
|---|---|---|---|
| 001 | 0058391 | ||
| 005 | 20240502071644.2 | ||
| 041 | 0 | |a slo | |
| 044 | |a SK | ||
| 245 | 1 | 0 | |a Osobitosti účtovnej závierky a finančné výkazy obcí |c Alena Kordošová |
| 520 | |a Definovanie obce. Účtovná závierka obcí a jej náležitosti: súvaha, výkaz ziskov a strát, poznámky. Klasifikácia ďalších finančných výkazov okrem účtovnej závierky obce. | ||
| 610 | 2 | 0 | |a závierka účtovná |
| 610 | 2 | 0 | |a výkazy finančné |
| 610 | 2 | 0 | |a obce |
| 610 | 2 | 0 | |a účtovníctvo |
| 610 | 2 | 0 | |a aktíva |
| 610 | 2 | 0 | |a pasíva |
| 100 | 1 | |a Kordošová, Alena, 1970- | |